<?xml version="1.0" encoding="UTF-8"?>
<record
    xmlns:xsi="http://www.w3.org/2001/XMLSchema-instance"
    xsi:schemaLocation="http://www.loc.gov/MARC21/slim http://www.loc.gov/standards/marcxml/schema/MARC21slim.xsd"
    xmlns="http://www.loc.gov/MARC21/slim">

  <leader>00851nam a22002177a 4500</leader>
  <controlfield tag="005">20150618124737.0</controlfield>
  <controlfield tag="008">140714b        xxu||||| |||| 00| 0 Urdu d</controlfield>
  <datafield tag="010" ind1=" " ind2=" ">
    <subfield code="a">UR-9086</subfield>
  </datafield>
  <datafield tag="020" ind1=" " ind2=" ">
    <subfield code="c">250.00</subfield>
    <subfield code="a">9789350734384</subfield>
  </datafield>
  <datafield tag="035" ind1=" " ind2=" ">
    <subfield code="a">U-7641</subfield>
  </datafield>
  <datafield tag="037" ind1=" " ind2=" ">
    <subfield code="b">DBAD</subfield>
  </datafield>
  <datafield tag="040" ind1=" " ind2=" ">
    <subfield code="a">DPL</subfield>
    <subfield code="b">Urdu</subfield>
  </datafield>
  <datafield tag="082" ind1=" " ind2=" ">
    <subfield code="a">921</subfield>
  </datafield>
  <datafield tag="100" ind1=" " ind2=" ">
    <subfield code="a">&#x645;&#x648; &#x644;&#x641;  &#x645;&#x62D;&#x645;&#x62F; &#x627; &#x633;&#x645;&#x627; &#x639;&#x64A;&#x644; &#x622; &#x632; &#x627; &#x62F; &#x641;&#x62A;&#x62D; &#x67E;&#x648; &#x631; &#x6CC;</subfield>
  </datafield>
  <datafield tag="245" ind1=" " ind2=" ">
    <subfield code="a">&#x631; &#x627; &#x646;&#x6CC; &#x6A9;&#x64A;&#x62A;&#x6A9;&#x6CC; &#x6A9;&#x6CC; &#x6A9;&#x6C1;&#x627; &#x646;&#x6CC; &#x627; &#x648; &#x631; &#x627; &#x633;&#x6A9;&#x627; &#x62A;&#x62E;&#x644;&#x64A;&#x642;&#x6A9;&#x627; &#x631;</subfield>
    <subfield code="c">&#x645;&#x648; &#x644;&#x641;  &#x645;&#x62D;&#x645;&#x62F; &#x627; &#x633;&#x645;&#x627; &#x639;&#x64A;&#x644; &#x622; &#x632; &#x627; &#x62F; &#x641;&#x62A;&#x62D; &#x67E;&#x648; &#x631; &#x6CC;</subfield>
  </datafield>
  <datafield tag="246" ind1=" " ind2="h">
    <subfield code="a">Rani Ketki ki Kahani aur Uska Takhleeqkar</subfield>
    <subfield code="b">By Mohd. Ismail Azad Fatehpuri</subfield>
  </datafield>
  <datafield tag="260" ind1=" " ind2=" ">
    <subfield code="b">Edu.Publishing House</subfield>
    <subfield code="c">2014</subfield>
    <subfield code="a">Delhi</subfield>
  </datafield>
  <datafield tag="270" ind1=" " ind2=" ">
    <subfield code="a">3108,Vakil Street,Kucha Pandit,Lal Kuan,</subfield>
    <subfield code="b">Delhi</subfield>
    <subfield code="k">23216162</subfield>
    <subfield code="e">110006</subfield>
  </datafield>
  <datafield tag="300" ind1=" " ind2=" ">
    <subfield code="a">246&#x635;</subfield>
    <subfield code="c">22Cm (Hb)</subfield>
  </datafield>
  <datafield tag="942" ind1=" " ind2=" ">
    <subfield code="2">ddc</subfield>
    <subfield code="c">UR</subfield>
    <subfield code="e"> </subfield>
    <subfield code="h">921</subfield>
    <subfield code="m">&#x645; &#x62D; &#x645;</subfield>
  </datafield>
  <datafield tag="999" ind1=" " ind2=" ">
    <subfield code="c">94375</subfield>
    <subfield code="d">94375</subfield>
  </datafield>
  <datafield tag="952" ind1=" " ind2=" ">
    <subfield code="0">0</subfield>
    <subfield code="1">0</subfield>
    <subfield code="2">ddc</subfield>
    <subfield code="4">0</subfield>
    <subfield code="7">1</subfield>
    <subfield code="8">NFIC</subfield>
    <subfield code="a">DBAD</subfield>
    <subfield code="b">DBAD</subfield>
    <subfield code="d">2015-06-18</subfield>
    <subfield code="e">DBAD/Pub.</subfield>
    <subfield code="g">250.00</subfield>
    <subfield code="l">0</subfield>
    <subfield code="o">921 &#x645; &#x62D; &#x645;</subfield>
    <subfield code="p">U-7641</subfield>
    <subfield code="r">2015-06-18 00:00:00</subfield>
    <subfield code="t">1</subfield>
    <subfield code="v">250.00</subfield>
    <subfield code="w">2015-06-18</subfield>
    <subfield code="y">UR</subfield>
  </datafield>
</record>
